[Event "Budapest Art Pub Cup 8th"]
[Site "Budapest"]
[Date "2015.07.12"]
[Round "7"]
[White "Gombocz, Ferenc Jr"]
[Black "Pinter, Tamas"]
[Result "0-1"]
[WhiteElo "1711"]
[BlackElo "1659"]
[PlyCount "146"]
[EventDate "2015.07.09"]
[EventType "swiss"]
[EventRounds "7"]
[EventCountry "HUN"]
[SourceTitle "CBM 167 Extra"]
[Source "ChessBase"]
[SourceDate "2015.09.14"]
[SourceVersion "1"]
[SourceVersionDate "2015.09.14"]
[SourceQuality "1"]

1. d4 c5 2. d5 d6 3. e4 g6 4. Nf3 Bg7 5. Bd3 Nf6 6. Nbd2 Bd7 7. Rb1 b5 8. b3 Na6 9. a3 Nc7 10. Bb2 0-0 11. 0-0 a5 12. c4 b4 13. a4 Nh5 14. Bxg7 Kxg7 15. e5 Qc8 16. Re1 Qa6 17. Ne4 Bf5 18. Neg5 Bxd3 19. Qxd3 f5 20. exd6 Qxd6 21. Ne6+ Nxe6 22. Rxe6 Nf4 23. Rxd6 Nxd3 24. Re6 Ra7 25. Re3 Nf4 26. Rbe1 Re8 27. Ne5 Kf6 28. Nc6 Rd7 29. Nxa5 e6 30. g3 Nh3+ 31. Kg2 Ng5 32. h4 Ne4 33. f3 exd5 34. fxe4 dxe4 35. Nc6 Re6 36. Nxb4 cxb4 37. Kf2 Red6 38. R1e2 Rd3 39. Rxd3 Rxd3 40. Rb2 Ke5 41. a5 Kd6 42. a6 Kc7 43. Ra2 Kb8 44. a7+ Ka8 45. Ra4 Rxb3 46. c5 Rb2+ 47. Ke3 b3 48. c6 Rc2 49. Rb4 Rxc6 50. Rxb3 Kxa7 51. g4 fxg4 52. Kxe4 Rf6 53. Rg3 h5 54. Rb3 Rf1 55. Rb2 Rh1 56. Kf4 Rxh4 57. Kg5 Rh1 58. Rg2 Ra1 59. Kxg6 Ra5 60. Kh6 Kb6 61. Kg6 Kc6 62. Rc2+ Rc5 63. Rd2 Rd5 64. Rg2 Kc5 65. Kh6 Kd4 66. Rg3 Ke4 67. Kg6 Kf4 68. Ra3 h4 69. Ra4+ Kg3 70. Ra3+ Kh2 71. Ra2+ Kh3 72. Ra3+ g3 73. Kh6 Kh2 0-1

[Event "Budapest Art Pub Cup 6th"]
[Site "Budapest"]
[Date "2015.01.03"]
[Round "3"]
[White "Karacsonyi, Gellert"]
[Black "Pinter, Tamas"]
[Result "1-0"]
[WhiteElo "1773"]
[BlackElo "1632"]
[PlyCount "49"]
[EventDate "2015.01.02"]
[EventType "swiss"]
[EventRounds "6"]
[EventCountry "HUN"]
[SourceTitle "CBM 164 Extra"]
[Source "ChessBase"]
[SourceDate "2015.03.02"]
[SourceVersion "1"]
[SourceVersionDate "2015.03.02"]
[SourceQuality "1"]

1. e4 c5 2. Nf3 Nc6 3. d4 cxd4 4. Nxd4 Nf6 5. Nc3 g6 6. Nxc6 bxc6 7. e5 Nh5 8. Bd3 Ng7 9. 0-0 Ne6 10. f4 Qb6+ 11. Kh1 Bh6 12. f5 Bxc1 13. fxe6 Bxb2 14. exf7+ Kf8 15. Rb1 Rb8 16. Na4 Qd4 17. c3 Qxe5 18. Nxb2 Qxc3 19. Na4 Rxb1 20. Qxb1 Qe5 21. Re1 Qa5 22. Qa1 e5 23. Rxe5 Qxa4 24. Re8+ Kxf7 25. Rxh8 1-0

[Event "Budapest Art Pub Cup 6th"]
[Site "Budapest"]
[Date "2015.01.02"]
[Round "1"]
[White "Samu, Sorin Mihai"]
[Black "Pinter, Tamas"]
[Result "1-0"]
[WhiteElo "2123"]
[BlackElo "1632"]
[PlyCount "69"]
[EventDate "2015.01.02"]
[EventType "swiss"]
[EventRounds "6"]
[EventCountry "HUN"]
[SourceTitle "CBM 164 Extra"]
[Source "ChessBase"]
[SourceDate "2015.03.02"]
[SourceVersion "1"]
[SourceVersionDate "2015.03.02"]
[SourceQuality "1"]

1. e4 c5 2. Nc3 Nc6 3. Nf3 g6 4. b3 Bg7 5. Bb2 d6 6. Bb5 Bd7 7. 0-0 Nf6 8. Re1 0-0 9. h3 a6 10. Bxc6 Bxc6 11. d3 Nd7 12. Qd2 b5 13. Nd1 a5 14. Bxg7 Kxg7 15. Ne3 b4 16. Ng4 Rh8 17. Qh6+ Kg8 18. a3 bxa3 19. Rxa3 a4 20. bxa4 Qf8 21. Qd2 h5 22. Ne3 Qg7 23. Rea1 f6 24. a5 Kf7 25. Qc3 Rhb8 26. Nd2 Rb4 27. Rb3 Rab8 28. a6 Qf8 29. a7 R8b5 30. Rxb4 Rxb4 31. Ndc4 Qd8 32. Nd5 Bxd5 33. exd5 Qa8 34. Ra6 Ne5 35. Qxb4 1-0

[Event "Budapest Art Pub Cup 2nd"]
[Site "Budapest"]
[Date "2013.08.11"]
[Round "6"]
[White "Molnar, Viktor"]
[Black "Pinter, Tamas"]
[Result "1-0"]
[WhiteElo "1836"]
[BlackElo "1655"]
[PlyCount "107"]
[EventDate "2013.08.09"]
[EventType "swiss"]
[EventRounds "6"]
[EventCountry "HUN"]
[SourceTitle "CBM 156 Extra"]
[Source "ChessBase"]
[SourceDate "2013.10.22"]
[SourceVersion "1"]
[SourceVersionDate "2013.10.22"]
[SourceQuality "1"]

1. e4 c5 2. Nf3 Nc6 3. Bb5 d6 4. c3 a6 5. Bxc6+ bxc6 6. d4 cxd4 7. cxd4 g6 8. Nc3 Bg7 9. 0-0 Nf6 10. Be3 0-0 11. Qd2 Ng4 12. Rad1 Qa5 13. Nd5 Qd8 14. Nc3 Qa5 15. h3 Nxe3 16. fxe3 e6 17. Ne2 Qxd2 18. Rxd2 Rd8 19. Rc1 Bd7 20. Nc3 Bh6 21. Kf2 f5 22. e5 d5 23. g3 Bf8 24. Na4 Be8 25. Nc5 Bxc5 26. Rxc5 h6 27. Rdc2 Rdb8 28. Nd2 Rb5 29. Nb3 g5 30. Ke2 Rab8 31. Rxb5 Rxb5 32. Rc5 Rb6 33. Kd2 Bh5 34. Kc1 Be2 35. Rc2 Bf1 36. Rh2 Bc4 37. Nc5 Kf7 38. b3 Bf1 39. Kd1 a5 40. Ke1 Ba6 41. Rc2 Bc8 42. a3 Kg6 43. Kf2 Kh5 44. Rb2 Kg6 45. b4 h5 46. Rb3 Kf7 47. bxa5 Rxb3 48. Nxb3 Ke7 49. Nc5 Kd8 50. a6 Kc7 51. a7 Bb7 52. Nxe6+ Kb6 53. Nc5 Kxa7 54. e6 1-0

[Event "Budapest Art Pub Cup 2nd"]
[Site "Budapest"]
[Date "2013.08.10"]
[Round "4"]
[White "Lakatos, Tamas"]
[Black "Pinter, Tamas"]
[Result "0-1"]
[WhiteElo "1448"]
[BlackElo "1655"]
[PlyCount "130"]
[EventDate "2013.08.09"]
[EventType "swiss"]
[EventRounds "6"]
[EventCountry "HUN"]
[SourceTitle "CBM 156 Extra"]
[Source "ChessBase"]
[SourceDate "2013.10.22"]
[SourceVersion "1"]
[SourceVersionDate "2013.10.22"]
[SourceQuality "1"]

1. e4 c5 2. c3 Nc6 3. d4 cxd4 4. cxd4 Nf6 5. Nc3 d6 6. Nf3 g6 7. Be2 Bg7 8. 0-0 0-0 9. Bd2 Bg4 10. d5 Bxf3 11. Bxf3 Nd4 12. Be3 Nxf3+ 13. Qxf3 h5 14. Bd4 a6 15. a3 Rc8 16. Rac1 Bh6 17. Be3 Bg7 18. Bd4 Rc4 19. Ne2 Rxc1 20. Rxc1 Qd7 21. h3 Bh6 22. Be3 Bxe3 23. Qxe3 Rc8 24. Rxc8+ Qxc8 25. Qc3 Qxc3 26. Nxc3 b5 27. f3 Nd7 28. a4 b4 29. Na2 a5 30. b3 Nc5 31. Nc1 f5 32. exf5 gxf5 33. Kf2 f4 34. g3 fxg3+ 35. Kxg3 Nd7 36. Nd3 Nf6 37. Nf4 Kf7 38. Ne6 Ke8 39. Kh4 Kd7 40. Nf4 Kc7 41. Kg5 Kb6 42. Kf5 Kc5 43. Ke6 Kd4 44. Kxe7 Nxd5+ 45. Nxd5 Kxd5 46. Kf6 Kd4 47. f4 d5 48. f5 Kc3 49. Ke5 d4 50. f6 d3 51. f7 d2 52. f8Q d1Q 53. Qc5+ Kxb3 54. Qxa5 Qa1+ 55. Ke4 Qxa4 56. Qd5+ Ka3 57. Qd3+ b3+ 58. Ke3 Ka2 59. Qd5 Qa3 60. Kd2 Qb2+ 61. Kd1 Qc2+ 62. Ke1 Kb1 63. h4 b2 64. Qxh5 Qc3+ 65. Ke2 Ka1 0-1